00570cam a2200181 a 450000100100000000500170001000800410002702000150006804000200008308200180010310000360012124500410015726000460019830000210024450000690026565000200033465000340035400000919720200929161521.0770307s1977 ag 000 f spa d a8435007421 aDO-SdBNPdBNPHU aU863.44bO58v1 aOnetti, Juan Carlos,d1909-199413aLa vida breve /cJuan Carlos Onetti. aBuenos Aires, Argentina :bEdhasa,c1977. a307 p. ;c21 cm. aEl primer ejemplar es la segunda reimpresión de junio de 1985. 4aNovela uruguaya 4aLiteratura uruguayaySIGLO XX